| 000 | 00716nam a2200241 i 4500 | ||
|---|---|---|---|
| 001 | bg | ||
| 100 | 1 | _aRudnicki, Stanisław. | |
| 245 | 0 | 0 |
_aKomentarz do kodeksu cywilnego. _nKs.2, _pWłasność i inne prawa rzeczowe / _cStanisław Rudnicki. |
| 250 | _aStan prawny na dzień 1 stycznia 1996 r. | ||
| 260 |
_aWarszawa : _bWydawnictwo Prawnicze, _c1996. |
||
| 300 |
_a418, [6] s. ; _c25 cm. |
||
| 504 | _aIndeks. | ||
| 650 | 4 |
_aPrawo rzeczowe _xzagadnienia _zPolska |
|
| 650 | 4 |
_aWłasność _xprawo _zPolska |
|
| 020 | _a8321907113 | ||
| 040 | _cBPK | ||
| 041 | 0 | _apl | |
| 080 | _a347.2(438) | ||
| 080 | _a(094.5.07) | ||
| 920 | _a83-219-0711-3 | ||
| 942 | _cKS | ||
| 008 | s pl f |000 0 pol | ||
| 999 |
_c33713 _d33713 |
||
| 856 |
_uhttp://koha.tu.koszalin.pl/cgi-bin/koha/opac-detail.pl?biblionumber=33713 _yKatalog online BPK |
||